000 01323cam a22003617a 4500
001 6861
003 FISKH
005 20250828145320.0
008 120403s2013 flua j 000 1 eng d
010 _a 2012936763
020 _a9781618101716 (hard cover : alk. paper)
020 _a1618101714 (hard cover : alk. paper)
020 _a9781618103048 (soft cover)
020 _a1618103040 (soft cover)
035 _a(OCoLC)ocn792870482
040 _aBTCTA
_beng
_cBTCTA
_dDLC
050 _aM47885
082 _a613.0432
100 1 _aMcKenzie, Precious,
_d1975-
245 1 0 _aBuff ducks /
_cby Precious McKenzie ; illustrated by John Reasoner.
260 _aFlorida :
_bRourke Educational Media,
_c2013.
300 _a24 pages :
_bcolor illustrations ;
_c21 cm
490 1 _aLittle birdie books
505 _aaa
520 _aBeautifully Illustrated, This Book Teaches Students The Importance Of How Staying Active Keeps Them Healthy. Teaching Focus, Words To Know Before You Read, Comprehension And Extension Activities. Inside Front And Back Cover Parent And Teacher Support.
521 8 _a20
_bLexile
521 8 _aaa
_bRaz-Plus
650 _aFitness
_vMovement
700 1 _aReasoner, John.
_4ill
906 _a7
_bcbc
_ccopycat
_d4
_eepcn
_f20
_gy-gencatlg
942 _2ddc
_cBK
_n0
999 _c6861
_d6861